Hydrology (Record no. 4952)

000 -LEADER
fixed length control field 00585nam a2200205 4500
001 - CONTROL NUMBER
control field 4952
003 - CONTROL NUMBER IDENTIFIER
control field BD-DhUET
008 - FIXED-LENGTH DATA ELEMENTS--GENERAL INFORMATION
fixed length control field 790911s1979 enkaf b 001 0 eng
020 ## - INTERNATIONAL STANDARD BOOK NUMBER
International Standard Book Number 0080242618
040 ## - CATALOGING SOURCE
Original cataloging agency DLC
Transcribing agency DLC
Modifying agency BD-DhUET
082 00 - DEWEY DECIMAL CLASSIFICATION NUMBER
Classification number 551.49
Item number RAU/1979
100 1# - MAIN ENTRY--PERSONAL NAME
Personal name Raudkivi, A. J.
245 10 - TITLE STATEMENT
Title Hydrology
Remainder of title an advanced introduction to hydrological processes and modelling
Statement of responsibility, etc. by Arved J. Raudkivi
250 ## - EDITION STATEMENT
Edition statement 1st ed.
260 ## - PUBLICATION, DISTRIBUTION, ETC. (IMPRINT)
Place of publication, distribution, etc. New York
Name of publisher, distributor, etc. Pergamon Press
Date of publication, distribution, etc. 1979
300 ## - PHYSICAL DESCRIPTION
Extent ix,479p.
Other physical details ill.
Dimensions 26 cm.
504 ## - BIBLIOGRAPHY, ETC. NOTE
Bibliography, etc Includes bibliographies
650 #0 - SUBJECT ADDED ENTRY--TOPICAL TERM
Topical term or geographic name as entry element Hydrology
942 ## - ADDED ENTRY ELEMENTS (KOHA)
Koha item type General Book
Holdings
Source of classification or shelving scheme Koha item type Piece designation (barcode) Price effective from Copy number Withdrawn status Koha date last seen Lost status Sublocation or collection (holding branch) Damaged status Koha normalized classification for sorting Not for loan Koha full call number Date acquired Location (home branch) Shelving location
 General Book585412014-11-231 2014-11-23 Central Library, BUET 551_490000000000000_RAU_1979 551.49/RAU/19792014-11-23Central Library, BUETCirculation section
 General Book585472014-11-232 2014-11-23 Central Library, BUET 551_490000000000000_RAU_1979 551.49/RAU/19792014-11-23Central Library, BUETCirculation section
 General Book585442014-11-233 2014-11-23 Central Library, BUET 551_490000000000000_RAU_1979 551.49/RAU/19792014-11-23Central Library, BUETCirculation section
 General Book585502014-11-234 2014-11-23 Central Library, BUET 551_490000000000000_RAU_1979 551.49/RAU/19792014-11-23Central Library, BUETCirculation section
 General Book585452014-11-235 2014-11-23 Central Library, BUET 551_490000000000000_RAU_1979 551.49/RAU/19792014-11-23Central Library, BUETCirculation section
 General Book585492014-11-236 2014-11-23 Central Library, BUET 551_000000000000000_49RAU1979 551.49/RAU/19792014-11-23Central Library, BUETCirculation section
 General Book585402014-11-237 2014-11-23 Central Library, BUET 551_490000000000000_RAU_1979 551.49/RAU/19792014-11-23Central Library, BUETCirculation section
 General Book516542014-11-238 2014-11-23 Central Library, BUET 551_490000000000000_RAU_1979 551.49/RAU/19792014-11-23Central Library, BUETCirculation section
 General Book585462014-11-239 2014-11-23 Central Library, BUET 551_490000000000000_RAU_1979 551.49/RAU/19792014-11-23Central Library, BUETCirculation section